Primer estudio energético para la Escuela de Ingeniería Eléctrica para el cálculo de la huella de carbono
Gorde:
| Egile nagusia: | |
|---|---|
| Beste egile batzuk: | |
| Formatua: | Liburua |
| Hizkuntza: | Spanish |
| Argitaratua: |
[San José], Costa Rica
2014
|
| Gaiak: | |
| Etiketak: |
Etiketa erantsi
Etiketarik gabe, Izan zaitez lehena erregistro honi etiketa jartzen!
|
MARC
| LEADER | 00000nam a22000007a 4500 | ||
|---|---|---|---|
| 003 | 012160 | ||
| 005 | 20230824103655.0 | ||
| 008 | 150709b2014 cr a|||| |||| 00| ||spa d | ||
| 040 | |c cru CEDI | ||
| 090 | |a TFG 7325 | ||
| 100 | |9 1192 |a Campos Hernández, Vismar, 1990- | ||
| 245 | |a Primer estudio energético para la Escuela de Ingeniería Eléctrica para el cálculo de la huella de carbono | ||
| 260 | |a [San José], Costa Rica |c 2014 | ||
| 300 | |a xi, 38 páginas : ilustraciones | ||
| 500 | |a Proyecto de graduación (bachillerato en ingeniería eléctrica)-- Universidad de Costa Rica. Facultad de Ingeniería. Escuela de Ingeniería Eléctrica | ||
| 501 | |a Profesor Guía de IE-0499 Proyecto Eléctrico: Ing. Juan Pablo Cruz Ríos | ||
| 650 | |x CARBONO |x DIOXIDO DE CARBONO - MEDICIONES - COSTA RICA |x CAPTURA DE CARBONO - METODOS |x DIOXIDO DE CARBONO - MEDICION |x UNIVERSIDAD DE COSTA RICA. FACULTAD DE INGENIERIA. ESCUELA DE INGENIERIA ELECTRICA |9 831 | ||
| 700 | |9 748 |a Cruz Ríos, Juan Pablo,1983- |d Director de Proyecto Eléctrico | ||
| 942 | |c CEDI | ||
| 999 | |c 13865 |d 13865 | ||
